00000000nam##2200000za#4500
0019.663185
003CaOODSP
00520210615120929
007ta
008150407|2001||||xxc|||||     f|0| 0 eng|d
020 |a0-662-66064-1
040 |aCaOODSP|beng
041 |aeng
041 |afre
043 |an-cn---
0861 |aH114-4/2001
1101 |aCanada. |bPest Management Regulatory Agency.
24510|aAdministrative Monetary Penalties (AMPs)
260 |aOttawa - Ontario : |bHealth Canada. |c2001.
300 |aEnglish text, 16p. ; |c22 cm.
546 |aBilingual
563 |aSoftcover
590 |a02-02|b2002-01-11
69007|aEconomic sanctions|2gcpds
69007|aPesticides|2gcpds
69007|aRegulations|2gcpds
7760#|tLes sanctions administratives pécuniaires (SAP) |w(CaOODSP)9.639665
7760#|tAdministrative monetary penalties (AMPs) |w(CaOODSP)9.695533
792 |tLes sanctions administratives pécuniaires (SAP) |efre|w(CaOODSP)9.663186